| 000 | 00691nam a2200253Ia 4500 | ||
|---|---|---|---|
| 001 | 47931 | ||
| 005 | 20240114003849.0 | ||
| 007 | ta | ||
| 008 | 090507s1976 g b000 u 465 u | ||
| 040 | _aCotton College,Assam | ||
| 041 | _a465 | ||
| 082 |
_a581.2 _bDu 851 Te |
||
| 100 | _aBilgrami, K. S. . | ||
| 245 | 0 |
_aA Textbook of Modern Plant Pathology / _cK. S. Bilgrami, & H. C. Dube. _hTextual Documents |
|
| 250 | _a1st ed / | ||
| 260 |
_aNew Delhi : _bVikas Publishing House Pvt. Ltd. , _c1976. |
||
| 300 |
_a344p ; _c23 cm. |
||
| 653 | _aBotany | ||
| 653 | _aT/G-Botany | ||
| 700 | _aDube, H. C. . | ||
| 942 |
_2ddc _cBK |
||
| 999 |
_c47896 _d47896 |
||